| 000 | 00589nam a22001817a 4500 | ||
|---|---|---|---|
| 003 | CEME | ||
| 005 | 20210628203342.0 | ||
| 008 | 210115b xxu||||| |||| 00| 0 eng d | ||
| 020 | _a0-393-05847-5 | ||
| 040 | _cceme | ||
| 082 | _a359.00973 TOL | ||
| 100 |
_aToll, Ian W _964914 |
||
| 245 | _aSix frigates, the epic history of the founding of the u.s navy | ||
| 260 |
_aNEW YORK _bNORTON _c2006 |
||
| 300 | _a560 P | ||
| 650 |
_aUNITED STATES, NAVY HISTORY- 18TH CENTURY. UNITED STATES NAVY HISTORY -19TH CENTURY.FRIGATES- UNITED STATES HISTORY- 18TH CENTURY _964915 |
||
| 942 |
_cBK _2ddc |
||
| 999 |
_c573271 _d573271 |
||